00413nam a2200157Ia 4500008004100000020001400041084001500055100002400070245004700094250002000141260001900161260000900180260002200189300000900211500003500220180424s9999 xx 000 0 und d a130964220 a686.203 R1 a"Ramano, Richard M" 0aGATF Encyclopedia of Graphic Communication a\\199900ENGGPSX aPrentice Hall  b1999 cEnglewood Cliffs  a945p aincludes index and biblioraphy